000 02103nam a22001577a 4500
041 _aukr
080 _a09
090 _bКОВ
100 _aКовальчук, О. М.
245 _aФормальні та семантичні характеристики англійської терміносистеми "грип"
260 _aОстрог
_bКАФ
_c2014
300 _a57
520 _aВступ. Розділ І. Терміноситема. Термін як одиниця лексичної системи. Формальна та семантична характеристика слова. 1.1. Сучасне дослідження терміну та термінології в англійській мові 1.2. Значення та будова слів, на основі медичної термінології 1.3. Медична англомовна терміносистема за класифікацією Росса Морі Розділ ІІ. Семантичні та формальні особливості англійської терміносистеми. 2.1. Формування медичної термінології "грип" 2.2. Семантика слів сучасної англійської мови в галузі медицини 2.3. Дослідження терміну "грип" в сучасній англійській мові і його характеристика Розділ ІІІ. Соціальне значення охорони праці. 3.1. Охорона праці як соціально-економічний чинник 3.2. Соціально-економічне значення заходів з охоронм праці 3.3. Методика оцінки соціальної і соціально-економічної ефективності заходів щодо покращення охорони праці Висновок. Використана література. Додатки.
_0терміносистема, термін, грип
650 _aResearch Papers
999 _c285423
_d285423
942 _cBK